Κατάλογος Βιβλιοθηκών Mediterranean College

Φορολογική Λογιστική ΙΙ / Εκπαιδευτικό Βοήθημα: Συνοπτική Ερμηνεία της Φορολογίας Εισοδήματος & Κ.Ν. 2238/1994 (Record no. 2162)

MARC details
000 -LEADER
fixed length control field 02296cam a22001934a 4500
005 - ΗΜΕΡΟΜΗΝΙΑ ΚΑΙ ΩΡΑ ΤΕΛΕΥΤΑΙΑΣ ΕΝΗΜΕΡΩΣΗΣ
Πεδίο ελέγχου 20250605164032.0
008 - FIXED-LENGTH DATA ELEMENTS--GENERAL INFORMATION
Πεδίο ελέγχου σταθερού μήκους 250528s ||||||||||||||||||||||||d
035 ## - SYSTEM CONTROL NUMBER
System control number 16687
020 ## - ISBN
ISBN 960904297
040 ## - ΠΗΓΗ ΚΑΤΑΛΟΓΟΓΡΑΦΗΣΗΣ
Φορέας πρωτότυπης καταλογογράφησης MC Athens Campus Library
Γλώσσα καταλογογράφησης Ελληνικά, Μοντέρνα (1453-)
Modifying agency MC Athens Campus Library
Κανόνες περιγραφικής καταλογογράφησης AACR2
245 1# - ΤΙΤΛΟΣ ΚΑΙ ΔΗΛΩΣΗ ΥΠΕΥΘΥΝΟΤΗΤΑΣ
Τίτλος Φορολογική Λογιστική ΙΙ / Εκπαιδευτικό Βοήθημα: Συνοπτική Ερμηνεία της Φορολογίας Εισοδήματος & Κ.Ν. 2238/1994
260 ## - PUBLICATION, DISTRIBUTION, ETC.
Name of publisher, distributor, etc. Αθήνα,
Date of publication, distribution, etc. 2003
300 ## - PHYSICAL DESCRIPTION
Extent 496
520 ## - SUMMARY, ETC.
Summary, etc. Ενημερωμένος μέχρι και τον τελευταίο φορολογικό νόμο: 3091/2002 (ΦΕΚ 330 τ.Α' 24.12.2002) Γενικά, Έννοια του Φόρου, Συνοπτική Ερμηνεία Γενικών Διατάξεων Φορολογίας Εισοδήματος Φυσικών Προσώπων, Κώδικας Φορολογίας Εισοδήματος, Φορολογία Εισοδήματος Φυσικών Προσώπων, Γενικές Διατάξεις, Επιβολή Φόρου, Αυτοτελής Φορολόγηση Ειδικών Περιστάσεων, Προσδιορισμός Φορολογητέας Ύλης με βάση τις Δαπάνες, Κατηγορίες Εισοδήματος, Εισόδημα από Ακίνητα, Εισόδημα από Κινητές Αξίες, Εισόδημα από Εμπορικές Επιχειρήσεις, Εισόδημα από Γεωργικές Επιχειρήσεις, Εισόδημα από Μισθωτές Υπηρεσίες, Εισόδημα από Υπηρεσίες Ελεύθερων Επαγγελμάτων και από κάθε άλλη Πηγή, Προκαταβολή και Παρακράτηση και Απόδοση Φόρου, Προκαταβολή Φόρου, Παρακράτηση Φόρου, Απόδοση Φόρου, Διαδικασία Βεβαίωσης του Φόρου, Υποχρεώσεις - Παραγραφή - Απόρρητο, Διοικητικές και Ποινικές Κυρώσεις, Φορολογία Εισοδήματος Νομικών Προσώπων, Μεταβατικές Διατάξεις.
700 1# - ΠΡΟΣΘΕΤΗ ΑΝΑΓΡΑΦΗ--ΦΥΣΙΚΟ ΠΡΟΣΩΠΟ
Personal name Καούνης Δικαίος
9 (RLIN) 2775
942 ## - ADDED ENTRY ELEMENTS (KOHA)
Koha item type Books
Holdings
Τύπος τεκμηρίου Βιβλιοθήκη Τρέχουσα τοποθεσία Barcode Αριθμός εισαγωγής Ημερομηνία απόκτησης Ταξιθετικό σύμβολο Αριθμός αντιτύπου Κατάσταση απόσυρσης Κατάσταση χαμένου Κατάσταση κατεστραμμένου Μη δανεισμός Σύνολο δανεισμών Ημερομηνία τελευταίας εμφάνισης Η τιμή ισχύει από
Books MC Athens Campus Library MC Athens Campus Library 9780000021618 4893 05/06/2025 657.46 KAU V.II 1           05/06/2025 05/06/2025

MC Athens Campus Library
Πατησίων 94 & Κοδριγκτώνος 13, 104 34
Πελλήνης 8 & Πατησίων 107, 112 51
Τ: +30 210 8899600

MC Thessaloniki Campus Library
Ίωνος Δραγούμη 21, 54625 | Ίωνος Δραγούμη 15, 54625
Τ: +30 2310 287779 – Τ: +30 2314 440300